000 01671nam a2200433 i 4500
003 EG-GICUC
005 20260121101649.0
008 260105s1929 fr c|||fr|||| 001 0 fre d
040 _aEG-GiCUC
_bfre
_cEG-GiCUC
_dEG-GiCUC
_eRda
041 _afre
082 0 4 _221
_a341.1
_bRE
092 0 4 _221
099 _aLaw1 11 341.1 RE 1929
245 0 0 _aRecueil Des Cours.
_n1928, Tome 24.
264 1 _aParis :
_bHachette,
_c1929.
300 _a586 pages :
_bportraits ;
_c 24 cm.
336 _2rda contenu
_a texte
337 _2rda medias
_aOrdinateur
338 _2 transporteur rda
_a Ressource en ligne
490 0 _aAcadémie de droit international ;
_v1928, Tome 24.
500 _a1928 IV
500 _aAt head of title: Académie de droit international.
504 _aIncludes bibliographical references and index.
505 _aContient les cours de l'Académie y compris :
_tL'interprétation des traités /
_rpar Ludwik Ehrlich --
_tLe problème de la mise de la guerre hors la loi /
_rpar Hans Wehberg --
_tL'échange des populations /
_rpar Stelio Sêfériadês --
_tLes unions d'états /
_rpar Massimo Pilotti.
546 _aTexte en français
650 1 4 _aTreaties
_2qrmak
650 1 4 _aWar (International law)
_2qrmak
650 1 4 _aWorld War, 1914-1918
_2qrmak
650 1 4 _aInternational cooperation
_2qrmak
651 1 _2qrmak
700 1 _aEhrlich, Ludwik,
_eAuteur
700 1 _aWehberg, Hans,
_eAuteur
700 1 _aSepheriadēs, St. P,
_eAuteur
700 1 _aPilotti, M.,
_eAuteur
710 _aAcadémie De Droit International
856 4 0 _uhttps://fll.law.cu.edu.eg/fulltext/bks/B11-06762.pdf
905 _a75
942 _2ddc
_n0
_cBK
_e21
999 _c54633
_d54633